[Event "zonal 3.3 (w)"]
[Site "Ho Chi Minh City VIE"]
[Date "2009.07.26"]
[Round "6"]
[White "Nguyen Thi Diem Huong"]
[Black "Cua, Sherily"]
[Result "0-1"]
[WhiteElo "2007"]
[BlackElo "2174"]
[EventDate "2009.07.23"]
[PlyCount "149"]

1.e4 e6 2.d4 d5 3.Nc3 dxe4 4.Nxe4 Bd7 5.Nf3 Bc6 6.Bd3 Nd7 7.O-O Ngf6 8.Qe2
Be7 9.Ne5 Bxe4 10.Bxe4 Nxe4 11.Qxe4 c6 12.Qg4 Bf6 13.Bf4 O-O 14.Rad1 Qe7 
15.Rfe1 Rfd8 16.c4 Nf8 17.Bg3 Qb4 18.b3 a5 19.Nd3 Qa3 20.Nc5 Qb4 21.a3 Qb6
22.Be5 Bxe5 23.Rxe5 Qc7 24.Re3 Ng6 25.h4 b6 26.Ne4 f5 27.Qh3 fxe4 28.Qxe6+
Kh8 29.Qxe4 Qd6 30.Rde1 Rf8 31.h5 Nf4 32.Qe7 Qxd4 33.h6 Qf6 34.Qxf6 Rxf6 
35.Re8+ Rf8 36.R8e7 gxh6 37.Rc7 Rfc8 38.Rb7 Ng6 39.Re6 Rab8 40.Rxb8 Rxb8 
41.Rxc6 Rb7 42.Kf1 Kg7 43.Ke2 Kf7 44.Ke3 Ne5 45.Rc8 Ke6 46.f4 Ng4+ 47.Ke4 
Nf6+ 48.Kf3 Rd7 49.Ke3 Rd6 50.b4 axb4 51.axb4 Kf5 52.c5 bxc5 53.bxc5 Ng4+ 
54.Kf3 Rd3+ 55.Ke2 Rg3 56.Rf8+ Ke4 57.f5 Rxg2+ 58.Ke1 Ke5 59.c6 Rc2 60.Rc8
Kd6 61.Rd8+ Kc7 62.Rd7+ Kxc6 63.Rxh7 Kd5 64.Re7 Rc4 65.Kf1 Rf4+ 66.Kg2 
Rxf5 67.Kg3 Nf6 68.Kh4 Re5 69.Rf7 Ke6 70.Ra7 Kf5 71.Rf7 Re4+ 72.Kh3 Kg5 
73.Rg7+ Kh5 74.Rf7 Re3+ 75.Kg2 0-1

[Event "zonal 3.3 (w)"]
[Site "Ho Chi Minh City VIE"]
[Date "2009.07.26"]
[Round "6"]
[White "Rivera, Daisy"]
[Black "Nguyen Thi Hanh"]
[Result "1-0"]
[WhiteElo "2087"]
[BlackElo "1975"]
[EventDate "2009.07.23"]
[PlyCount "160"]

1.e4 e6 2.d4 d5 3.Nc3 Nf6 4.e5 Nfd7 5.f4 c5 6.Nf3 Nc6 7.Ne2 cxd4 8.Nexd4 
Qb6 9.c3 a5 10.Qc2 Bc5 11.Be3 f6 12.exf6 Nxf6 13.Bd3 Bd7 14.h3 Rc8 15.Qf2 
O-O 16.O-O Rce8 17.Ne5 Nxd4 18.cxd4 Bd6 19.a4 Rc8 20.Qe2 Be8 21.f5 Nh5 22.
Kh2 Qc7 23.Bg5 h6 24.Bd2 Qb6 25.Bc3 exf5 26.Bxf5 Rd8 27.Bc2 Nf6 28.Kh1 Bh5
29.Qe1 Rde8 30.Qh4 g5 31.Qe1 Qc7 32.Rc1 Qb8 33.Qd2 Re7 34.Bb3 Kg7 35.Bc2 
Nd7 36.Rxf8 Qxf8 37.Qd3 Nf6 38.Rf1 Qc8 39.Qd2 Re8 40.Bf5 Qb8 41.Qd3 Rf8 
42.Re1 Re8 43.Rc1 Re7 44.Qb5 Qf8 45.Bxa5 Ne4 46.Bxe4 dxe4 47.Qd5 Bxe5 48.
dxe5 Qf4 49.Re1 Bf3 50.Qd2 e3 51.Qxe3 Qxe3 52.Rxe3 Bc6 53.b3 Kf7 54.Bb4 
Re8 55.Kh2 Ke6 56.Bd6 Kd5 57.h4 Kd4 58.Rg3 gxh4 59.Rh3 Re6 60.Rxh4+ Kc3 
61.Rh3+ Kd4 62.Rg3 Bd5 63.b4 Bc6 64.a5 Ke4 65.Kh3 Kf5 66.Kh4 Kf4 67.Rg7 
Kf5 68.g4+ Kf4 69.Rf7+ Ke4 70.b5 Bxb5 71.Rxb7 Be2 72.Rb4+ Kd5 73.Ra4 Ba6 
74.Rb4 Rg6 75.Kh5 Rg8 76.Kxh6 Bd3 77.Rf4 Rg6+ 78.Kh5 Rg8 79.Ra4 Rh8+ 80.
Kg5 Rg8+ 1-0

[Event "zonal 3.3 (w)"]
[Site "Ho Chi Minh City VIE"]
[Date "2009.07.26"]
[Round "6"]
[White "Aulia, Medina Warda"]
[Black "Le Hoang Tran Chau"]
[Result "1-0"]
[WhiteElo "1945"]
[BlackElo "2073"]
[EventDate "2009.07.23"]
[PlyCount "113"]

1.e4 c5 2.Nf3 d6 3.d4 cxd4 4.Nxd4 Nf6 5.Nc3 g6 6.Be2 Bg7 7.Be3 Nc6 8.O-O 
O-O 9.Nb3 Bd7 10.f4 a6 11.a4 Na5 12.e5 Ne8 13.Nxa5 Qxa5 14.Nd5 Qd8 15.Bb6 
Qb8 16.Nxe7+ Kh8 17.c3 Be6 18.f5 gxf5 19.Nxf5 Bxe5 20.Be3 Nf6 21.Nd4 Qc7 
22.Bd3 Rg8 23.Kh1 Ng4 24.Bf4 d5 25.Qf3 Rg7 26.Rae1 Rc8 27.Rxe5 Nxe5 28.Qe2
Bg4 29.Qxe5 Qb6 30.h3 f6 31.Qxd5 Rd8 32.a5 Rxd5 33.axb6 Rh5 34.Bh2 Bd7 35.
Bf5 Bxf5 36.Rxf5 Rhg5 37.Rxf6 R7g6 38.Rxg6 hxg6 39.Bc7 a5 40.Kg1 Kg8 41.
Kf2 Kf7 42.g4 a4 43.Ke3 Ra5 44.Kd3 Ke8 45.Kc4 Kd7 46.Nb5 Ra8 47.Nd6 Kc6 
48.Nf7 Kd7 49.Ne5+ Ke6 50.Nxg6 a3 51.bxa3 Rxa3 52.Nf4+ Kd7 53.h4 Ra1 54.g5
Rg1 55.g6 Ke7 56.h5 Rh1 57.Kd5 1-0

[Event "zonal 3.3 (w)"]
[Site "Ho Chi Minh City VIE"]
[Date "2009.07.27"]
[Round "7"]
[White "Nguyen Thi Thanh An"]
[Black "Kharisma Sukandar, Irine"]
[Result "1/2-1/2"]
[WhiteElo "2330"]
[BlackElo "2311"]
[EventDate "2009.07.23"]
[PlyCount "145"]

1.d4 Nf6 2.Nf3 e6 3.g3 d5 4.Bg2 Be7 5.O-O O-O 6.c4 c6 7.Qc2 b6 8.cxd5 cxd5
9.Bf4 Ba6 10.Nc3 Nc6 11.Qa4 Bb7 12.Rfd1 a6 13.Ne5 b5 14.Nxc6 Bxc6 15.Qc2 
Rc8 16.a3 a5 17.Qd3 Qd7 18.Na2 Ra8 19.Bd2 Ne4 20.Be1 Rfb8 21.b4 Nd6 22.
Rdb1 Nc4 23.Nc1 axb4 24.axb4 Ra4 25.Qc3 Rba8 26.Nd3 Ra2 27.Rxa2 Rxa2 28.
Bf3 Qa7 29.Ne5 Be8 30.Kg2 f5 31.Nxc4 bxc4 32.Qe3 Kf7 33.g4 Ra3 34.Bc3 fxg4
35.Bxg4 Bd7 36.Qh3 Bf6 37.b5 Qb6 38.Qh5+ Kg8 39.Bb4 g6 40.Qh6 Bg7 41.Qf4 
Ra8 42.Bc5 Qb8 43.Qxb8+ Rxb8 44.b6 Rb7 45.e3 h5 46.Bd1 e5 47.Bc2 exd4 48.
exd4 Kf7 49.Ra1 g5 50.Kf3 Bf6 51.Ke3 Ke6 52.Bd1 g4 53.f4 Bd8 54.Rb1 Kf6 
55.Rb4 h4 56.Bc2 Bc6 57.Rb1 Rg7 58.Bd6 Ke6 59.Be5 Rb7 60.f5+ Kf7 61.Kf4 
Rxb6 62.Rxb6 Bxb6 63.Kxg4 Bd8 64.Kf4 Ba5 65.Kg4 Be1 66.Kf3 Bd2 67.Kg4 Be1 
68.f6 Bd7+ 69.Kg5 Be6 70.Bg6+ Kg8 71.Bc2 Kf7 72.Bg6+ Kg8 73.Bc2 1/2-1/2

[Event "zonal 3.3 (w)"]
[Site "Ho Chi Minh City VIE"]
[Date "2009.07.27"]
[Round "7"]
[White "Nguyen Thi Tuong Van"]
[Black "Le Thanh Tu"]
[Result "0-1"]
[WhiteElo "2246"]
[BlackElo "2310"]
[EventDate "2009.07.23"]
[PlyCount "64"]

1.e4 c5 2.Nf3 d6 3.d4 cxd4 4.Nxd4 Nf6 5.Nc3 a6 6.Be3 e6 7.Qd2 b5 8.f3 Bb7 
9.g4 h6 10.O-O-O Nbd7 11.Kb1 Rc8 12.h4 Nc5 13.Bh3 Nfd7 14.g5 Ne5 15.Qg2 
hxg5 16.Bxg5 Qa5 17.Nb3 Qc7 18.Rhe1 Na4 19.Nxa4 bxa4 20.Nd4 a3 21.b3 Rxh4 
22.c4 Rh8 23.f4 Nxc4 24.bxc4 Qb6+ 25.Nb3 Rxc4 26.Bg4 a5 27.Ka1 a4 28.Nc1 
Rxe4 29.Qd2 Rb4 30.Nd3 Qd4+ 31.Nb2 axb2+ 32.Kb1 Be4+ 0-1

[Event "zonal 3.3 (w)"]
[Site "Ho Chi Minh City VIE"]
[Date "2009.07.27"]
[Round "7"]
[White "Hoang Thi Bao Tram"]
[Black "Le Thi Phuong Lien"]
[Result "1-0"]
[WhiteElo "2274"]
[BlackElo "2216"]
[EventDate "2009.07.23"]
[PlyCount "73"]

1.d4 Nf6 2.c3 e6 3.Nf3 b6 4.Bf4 Bb7 5.Nbd2 Be7 6.e3 Ne4 7.Nxe4 Bxe4 8.Nd2 
Bb7 9.Qg4 g6 10.h4 d6 11.Bb5+ Nd7 12.e4 a6 13.Ba4 b5 14.Bb3 Nf6 15.Qe2 Nh5
16.Bh6 Bf8 17.Be3 h6 18.g4 Nf6 19.f3 Bg7 20.Nf1 Nd7 21.Ng3 Qe7 22.a4 c6 
23.h5 bxa4 24.Bxa4 d5 25.hxg6 fxg6 26.e5 a5 27.f4 O-O 28.Qd3 Qf7 29.Bc2 
Ba6 30.Qxg6 Qxg6 31.Bxg6 Nb6 32.f5 Nc4 33.Bxh6 Bxh6 34.Rxh6 Nxb2 35.Nh5 
exf5 36.gxf5 a4 37.Kf2 1-0

[Event "zonal 3.3 (w)"]
[Site "Ho Chi Minh City VIE"]
[Date "2009.07.27"]
[Round "7"]
[White "Batkhuyag, Munguntuul"]
[Black "Nguyen Thi Mai Hung"]
[Result "1-0"]
[WhiteElo "2412"]
[BlackElo "2219"]
[EventDate "2009.07.23"]
[PlyCount "93"]

1.d4 d5 2.c4 c6 3.Nf3 e6 4.Qc2 Nf6 5.Bg5 Be7 6.e3 Nbd7 7.Nbd2 O-O 8.Bd3 h6
9.Bh4 dxc4 10.Nxc4 b5 11.Nce5 Nxe5 12.Nxe5 Bb7 13.Nxc6 Bxc6 14.Qxc6 Qa5+ 
15.Ke2 Rac8 16.Qf3 Qb4 17.Rhb1 Rc7 18.Bg3 Bd6 19.a3 Qb3 20.Bxd6 Rc2+ 21.
Bxc2 Qxc2+ 22.Ke1 Re8 23.Qe2 Qc6 24.Be5 Nd5 25.Rc1 Qb6 26.Rc5 a6 27.Rac1 
Qb7 28.e4 Ne7 29.Rc7 Qb6 30.Qe3 a5 31.Qg3 Ng6 32.R1c6 Qb8 33.Rxf7 Qxe5 34.
dxe5 Kxf7 35.Rc7+ Ne7 36.Qd3 b4 37.axb4 axb4 38.Qd6 b3 39.f4 g6 40.f5 gxf5
41.exf5 h5 42.f6 h4 43.Rxe7+ Rxe7 44.Qxe7+ Kg6 45.f7 h3 46.f8=R hxg2 47.
Qf7+ 1-0

[Event "zonal 3.3 (w)"]
[Site "Ho Chi Minh City VIE"]
[Date "2009.07.27"]
[Round "7"]
[White "Cua, Sherily"]
[Black "Le Kieu Thien Kim"]
[Result "1/2-1/2"]
[WhiteElo "2174"]
[BlackElo "2250"]
[EventDate "2009.07.23"]
[PlyCount "113"]

1.d4 b6 2.c4 Bb7 3.Nc3 c5 4.d5 d6 5.e4 g6 6.Be3 Bg7 7.Qd2 Nd7 8.f3 a6 9.
Be2 Ngf6 10.Nh3 O-O 11.O-O Ne8 12.Rad1 Bc8 13.f4 f5 14.exf5 gxf5 15.Kh1 
Ndf6 16.Bd3 Nc7 17.Rfe1 Kh8 18.Qc2 Ng4 19.Bg1 b5 20.b3 bxc4 21.bxc4 Rb8 
22.Rb1 Rxb1 23.Rxb1 e6 24.dxe6 Nxe6 25.Nd5 Nd4 26.Qd2 h6 27.Nf2 Nf6 28.
Nxf6 Qxf6 29.Nd1 Ne6 30.Rb6 Qd8 31.Rb3 d5 32.cxd5 Qxd5 33.Ne3 Qd7 34.Nc4 
Qc7 35.Be3 Bb7 36.Bf1 Be4 37.Qd6 Qxd6 38.Nxd6 Bd4 39.Bc1 Bd5 40.Ra3 Rb8 
41.Bd3 Bb2 42.Bxb2+ Rxb2 43.Bf1 Nxf4 44.Kg1 Nxg2 45.Nxf5 Ne1 46.Bxa6 Nf3+ 
47.Kf1 c4 48.Ne3 Be6 49.Bc8 Bf7 50.Bf5 Nxh2+ 51.Ke1 Bh5 52.Bc2 Nf3+ 53.Kd1
Rb8 54.Kc1 Nd4 55.Nxc4 Rc8 56.Bd3 Bf7 57.Ra4 1/2-1/2

[Event "zonal 3.3 (w)"]
[Site "Ho Chi Minh City VIE"]
[Date "2009.07.27"]
[Round "7"]
[White "Perena, Catherine"]
[Black "Pham Le Thao Nguyen"]
[Result "0-1"]
[WhiteElo "2092"]
[BlackElo "2314"]
[EventDate "2009.07.23"]
[PlyCount "148"]

1.d4 d5 2.c4 c6 3.e3 Nf6 4.Nc3 a6 5.Nf3 b5 6.b3 Bg4 7.Be2 e6 8.O-O Nbd7 9.
Qc2 Bd6 10.e4 Bxf3 11.Bxf3 b4 12.Ne2 dxe4 13.Bxe4 Qc7 14.h3 Nxe4 15.Qxe4 
O-O 16.c5 Be7 17.Bf4 Qb7 18.a4 Nf6 19.Qf3 Rfd8 20.Rfd1 Rd7 21.Rd3 Rad8 22.
Rad1 a5 23.g4 Qa6 24.R3d2 Nd5 25.Be3 Nc3 26.Nxc3 bxc3 27.Rc2 e5 28.Qe4 
Bxc5 29.Rxc3 Bxd4 30.Bxd4 exd4 31.Rxc6 Qb7 32.Qc2 d3 33.Qc4 h6 34.Qb5 Qa8 
35.Rd2 Rd4 36.Rc4 R4d6 37.Qf5 Rd5 38.Qf3 Qb8 39.Rc3 Qd6 40.Kg2 Qg6 41.Kh2 
R8d7 42.Rc4 Qd6+ 43.Qg3 Qe6 44.Rc3 Qe4 45.Qe3 Qb4 46.Rc8+ Kh7 47.Kg2 Qb7 
48.Rc4 Re5+ 49.Qf3 Qxb3 50.Qc6 Red5 51.Rc5 R7d6 52.Qb5 Qxb5 53.Rxb5 Rxb5 
54.axb5 Rd5 55.b6 Rd6 56.b7 Rb6 57.Rxd3 Rxb7 58.Ra3 Ra7 59.Ra4 Kg6 60.Kg3 
Kf6 61.Kf4 Ke6 62.Ke4 Kd6 63.Kd4 Kc6 64.Kc4 Kb6 65.Ra3 Rc7+ 66.Kd5 Kb5 67.
f4 Rd7+ 68.Ke5 Kb4 69.Ra1 a4 70.g5 h5 71.f5 a3 72.g6 f6+ 73.Ke4 Ra7 74.Rf1
a2 0-1

[Event "zonal 3.3 (w)"]
[Site "Ho Chi Minh City VIE"]
[Date "2009.07.27"]
[Round "7"]
[White "Nguyen Quynh Anh"]
[Black "Pham Bich Ngoc"]
[Result "0-1"]
[WhiteElo "2102"]
[BlackElo "2105"]
[EventDate "2009.07.23"]
[PlyCount "90"]

1.e4 c5 2.Nf3 Nc6 3.d4 cxd4 4.Nxd4 g6 5.c4 Bg7 6.Be3 Nf6 7.Nc3 O-O 8.Be2 
d6 9.O-O Bd7 10.Rc1 Nxd4 11.Bxd4 Bc6 12.f3 a5 13.b3 Nd7 14.Kh1 Bxd4 15.
Qxd4 Qb6 16.Qd2 Nc5 17.Rb1 Qb4 18.Qb2 e5 19.Rfd1 Rfd8 20.a3 Qb6 21.b4 Ne6 
22.Qd2 axb4 23.axb4 Qf2 24.Rf1 Qd4 25.Qb2 b6 26.Rbd1 Qe3 27.f4 Bxe4 28.
Nxe4 Qxe4 29.Bf3 Qxc4 30.Bxa8 Rxa8 31.fxe5 Ra2 32.Qb1 dxe5 33.Rde1 Qd5 34.
Rg1 Nf4 35.Rxe5 Nd3 36.Re8+ Kg7 37.h4 Nf2+ 38.Kh2 Qd6+ 39.g3 Ng4+ 40.Kh3 
Rh2+ 41.Kxg4 Qf6 42.Re5 h5+ 43.Rxh5 gxh5+ 44.Kxh5 Qe5+ 45.Kg4 Qe2+ 0-1

[Event "zonal 3.3 (w)"]
[Site "Ho Chi Minh City VIE"]
[Date "2009.07.27"]
[Round "7"]
[White "Vo Thi Kim Phung"]
[Black "Rivera, Daisy"]
[Result "1-0"]
[WhiteElo "2073"]
[BlackElo "2087"]
[EventDate "2009.07.23"]
[PlyCount "109"]

1.d4 Nf6 2.c4 e5 3.dxe5 Ng4 4.Nf3 Nc6 5.Bg5 Be7 6.Bf4 Bb4+ 7.Nbd2 Qe7 8.a3
Ngxe5 9.Nxe5 Nxe5 10.e3 Bxd2+ 11.Qxd2 a5 12.Be2 d6 13.Rc1 O-O 14.O-O b6 
15.Bxe5 Qxe5 16.Bf3 Rb8 17.b4 axb4 18.axb4 Bb7 19.Bxb7 Rxb7 20.Rfd1 Ra7 
21.c5 bxc5 22.bxc5 dxc5 23.Qd5 Qb2 24.Rxc5 h6 25.h3 Rb8 26.Qf3 Qb7 27.Qf4 
Qc8 28.Rdc1 Rbb7 29.e4 Qd7 30.Rc6 Qe7 31.Qf5 Ra8 32.Rd1 Rd8 33.Rdc1 Ra8 
34.Qf4 Ra4 35.Qf5 Ra8 36.e5 Rd8 37.f4 Rdb8 38.Qg4 Qa3 39.Kh2 Rb6 40.R1c3 
Qa6 41.Rg3 g6 42.Rxc7 Qa4 43.Qh4 g5 44.Qg4 Rg6 45.Rc8+ Rxc8 46.Qxc8+ Kh7 
47.f5 Rg7 48.f6 Rg8 49.Qc7 Kg6 50.Rg4 Qd1 51.Qc4 Qe1 52.Qd3+ Kh5 53.Qf5 
Rd8 54.Re4 Qd2 55.Rh4+ 1-0

[Event "zonal 3.3 (w)"]
[Site "Ho Chi Minh City VIE"]
[Date "2009.07.27"]
[Round "7"]
[White "Enkhtuul, Altanulzii"]
[Black "Pham Thi Ngoc Tu"]
[Result "1-0"]
[WhiteElo "2051"]
[BlackElo "2089"]
[EventDate "2009.07.23"]
[PlyCount "223"]

1.d4 d5 2.Nf3 Nf6 3.g3 e6 4.Bg2 Bd6 5.O-O Nbd7 6.c3 O-O 7.Nbd2 c6 8.Re1 e5
9.dxe5 Nxe5 10.Nxe5 Bxe5 11.Nf3 Bc7 12.Qc2 Re8 13.Nd2 Bb6 14.e3 Bg4 15.b3 
Qd7 16.Bb2 Bf5 17.Qd1 Ng4 18.Nf3 Qe6 19.a4 Qh6 20.Nh4 Be6 21.a5 Bc7 22.Bc1
Nxh2 23.e4 Qf6 24.e5 Bxe5 25.Rxe5 Qxe5 26.Kxh2 Qxc3 27.Be3 Qf6 28.Bd4 Qe7 
29.Qc2 Qc7 30.Qc3 f6 31.Rc1 Qf7 32.Bf3 Qd7 33.Bh5 Bf7 34.Bd1 Bg6 35.Bf3 
Kf7 36.a6 Be4 37.axb7 Qxb7 38.Qxc6 Qxc6 39.Rxc6 Bxf3 40.Nxf3 a5 41.Nh4 Re6
42.Rc5 g5 43.Nf5 Kg6 44.g4 h5 45.f3 hxg4 46.fxg4 Kh7 47.Rxd5 a4 48.bxa4 
Rxa4 49.Rd7+ Kg8 50.Ng3 Ra2+ 51.Kh3 Ra3 52.Kg2 Rc6 53.Bf2 Ra4 54.Kh3 Rcc4 
55.Nf5 Rc3+ 56.Ng3 Rcc4 57.Nh5 Ra3+ 58.Bg3 Rc6 59.Kg2 Ra2+ 60.Kf3 Rc3+ 61.
Ke4 Re2+ 62.Kf5 Rf3+ 63.Kg6 Kf8 64.Rf7+ Ke8 65.Bc7 Re7 66.Nxf6+ Rxf6+ 67.
Rxf6 Rxc7 68.Kxg5 Rg7+ 69.Kh5 Ra7 70.g5 Ke7 71.Kh6 Ra2 72.Kg7 Rg2 73.g6 
Rg1 74.Rf7+ Ke8 75.Kh7 Rh1+ 76.Kg8 Rg1 77.g7 Rh1 78.Rf4 Rh2 79.Re4+ Kd7 
80.Re1 Rh3 81.Re5 Kd6 82.Re4 Kd7 83.Rg4 Ke8 84.Rg6 Ke7 85.Rc6 Rh5 86.Rc7+ 
Ke8 87.Rc8+ Ke7 88.Rc1 Rh2 89.Re1+ Kd7 90.Kf7 Rf2+ 91.Kg6 Rg2+ 92.Kf6 Rf2+
93.Ke5 Rg2 94.Ra1 Ke8 95.Ra7 Rg1 96.Kf6 Rf1+ 97.Kg6 Rg1+ 98.Kf6 Rf1+ 99.
Kg6 Rg1+ 100.Kh7 Rh1+ 101.Kg8 Rh2 102.Rc7 Rh1 103.Rc4 Rh2 104.Re4+ Kd7 
105.Kf7 Rf2+ 106.Kg6 Rg2+ 107.Kf6 Kd6 108.Ra4 Rg1 109.Rd4+ Kc7 110.Rf4 Kd6
111.Kf7 Ke5 112.Rf2 1-0

[Event "zonal 3.3 (w)"]
[Site "Ho Chi Minh City VIE"]
[Date "2009.07.27"]
[Round "7"]
[White "Chan Wei Yi, Victoria"]
[Black "Lkhamsuren, Uuganbayar"]
[Result "0-1"]
[WhiteElo "1912"]
[BlackElo "2144"]
[EventDate "2009.07.23"]
[PlyCount "130"]

1.d4 d5 2.c4 c6 3.Nf3 Nf6 4.Nc3 e6 5.cxd5 exd5 6.Bg5 Be7 7.e3 Bf5 8.Bd3 
Bxd3 9.Qxd3 Nbd7 10.O-O O-O 11.Rab1 Re8 12.b4 Nb6 13.Ne5 Ne4 14.Bxe7 Qxe7 
15.b5 c5 16.Nf3 Rac8 17.Ne2 c4 18.Qc2 Qa3 19.Nd2 Qd3 20.Qxd3 cxd3 21.Nxe4 
dxe2 22.Nd6 exf1=Q+ 23.Rxf1 Red8 24.Nxc8 Rxc8 25.g3 Kf8 26.Kg2 Ke7 27.Ra1 
Rc4 28.Kf3 Rb4 29.Rc1 Nc4 30.e4 Kd6 31.e5+ Kd7 32.h4 Rxb5 33.g4 Rb2 34.a4 
Rd2 35.Rb1 Kc6 36.Re1 Rd3+ 37.Kf4 Rxd4+ 38.Kf5 Kd7 39.h5 g6+ 40.Kg5 Ke6 
41.f4 h6+ 42.Kxh6 Rxf4 43.Kg5 Re4 44.Rb1 Rxe5+ 45.Kh4 g5+ 46.Kg3 Nd6 47.
Rf1 Ne4+ 48.Kh3 d4 49.h6 Nf6 50.Rb1 b6 51.Rc1 Rc5 52.Re1+ Kd7 53.Rd1 Rd5 
54.Rd3 Ke7 55.Kg3 Kf8 56.Kf3 Kg8 57.Rd2 Kh7 58.Rd1 Kxh6 59.Rd2 d3 60.Rd1 
Kg6 61.Kf2 d2 62.Ke2 Ne4 63.Ke3 Nc3 64.Rxd2 Rxd2 65.Kxd2 Nxa4 0-1

[Event "zonal 3.3 (w)"]
[Site "Ho Chi Minh City VIE"]
[Date "2009.07.27"]
[Round "7"]
[White "Ton Nu Hong An"]
[Black "Nguyen Thi Diem Huong"]
[Result "1-0"]
[WhiteElo "2046"]
[BlackElo "2007"]
[EventDate "2009.07.23"]
[PlyCount "73"]

1.e4 c5 2.Nf3 Nc6 3.c3 d5 4.exd5 Qxd5 5.d4 cxd4 6.cxd4 Bg4 7.Be2 e6 8.Nc3 
Bb4 9.O-O Qd8 10.Be3 Nf6 11.h3 Bh5 12.Qb3 O-O 13.Rfd1 Bxc3 14.bxc3 Na5 15.
Qa4 Rc8 16.Rac1 Bxf3 17.Bxf3 Rc4 18.Qa3 b5 19.Bg5 Ra4 20.Qc5 a6 21.Rc2 Nc4
22.Rd3 Qd6 23.Bxf6 Qxc5 24.dxc5 gxf6 25.Bb7 Ne5 26.Rd4 Rc4 27.Rxc4 Nxc4 
28.Bxa6 Na5 29.Rd2 Kg7 30.Rd6 Nc4 31.Rc6 Rd8 32.Bxb5 Ne5 33.Rd6 Rb8 34.a4 
Kf8 35.f4 Ng6 36.c6 Rc8 37.Rd7 1-0

[Event "zonal 3.3 (w)"]
[Site "Ho Chi Minh City VIE"]
[Date "2009.07.27"]
[Round "7"]
[White "Hoang Thi Nhu Y"]
[Black "Citra, Dewi Andhiani Anastasia"]
[Result "1/2-1/2"]
[WhiteElo "2119"]
[BlackElo "1923"]
[EventDate "2009.07.23"]
[PlyCount "45"]

1.c4 g6 2.Nc3 Bg7 3.d4 Nf6 4.e4 d6 5.f4 O-O 6.Nf3 c5 7.dxc5 Qa5 8.Bd3 Qxc5
9.Qe2 Bg4 10.Be3 Qh5 11.O-O Nc6 12.h3 Bxf3 13.Qxf3 Qxf3 14.Rxf3 Rac8 15.
Rc1 Nd7 16.b3 Rfe8 17.Ne2 b6 18.Bb1 Nc5 19.Rff1 Bb2 20.Rcd1 Bg7 21.g4 a5 
22.Bd2 Rb8 23.Be3 1/2-1/2

[Event "zonal 3.3 (w)"]
[Site "Ho Chi Minh City VIE"]
[Date "2009.07.27"]
[Round "7"]
[White "Luong Nhat Linh"]
[Black "Aulia, Medina Warda"]
[Result "1-0"]
[WhiteElo "1952"]
[BlackElo "1945"]
[EventDate "2009.07.23"]
[PlyCount "97"]

1.c4 c5 2.Nf3 Nc6 3.Nc3 g6 4.d4 cxd4 5.Nxd4 Bg7 6.Nc2 Nf6 7.e4 d6 8.Be2 
Be6 9.O-O O-O 10.Rb1 Rc8 11.b3 Nd7 12.Bb2 Nc5 13.f3 f5 14.b4 Nd7 15.Nd5 
fxe4 16.fxe4 Nde5 17.Kh1 Nb8 18.Nce3 Nbd7 19.Bd4 b6 20.Rc1 Nf6 21.Nxf6+ 
exf6 22.Nd5 Nc6 23.Bb2 Kh8 24.a3 Ne5 25.Qb3 Qd7 26.Qg3 f5 27.exf5 Bxf5 28.
Rfd1 Qe6 29.Ne3 Be4 30.Ng4 Nxc4 31.Bxg7+ Kxg7 32.h4 Ne5 33.Rxc8 Rxc8 34.h5
Rc2 35.h6+ Kg8 36.Nxe5 Rxe2 37.Nf3 Bxf3 38.Qxf3 Re4 39.Rf1 Qe7 40.Qb3+ Re6
41.Qd5 Qh4+ 42.Kg1 Qe7 43.Qa8+ Qe8 44.Qxa7 Re7 45.Qxb6 d5 46.Qf6 Qd8 47.b5
Rd7 48.Qe6+ Kh8 49.Qxd7 1-0

[Event "zonal 3.3 (w)"]
[Site "Ho Chi Minh City VIE"]
[Date "2009.07.27"]
[Round "7"]
[White "Tran Le Dan Thuy"]
[Black "Nguyen Thi Hanh"]
[Result "0-1"]
[WhiteElo "1780"]
[BlackElo "1975"]
[EventDate "2009.07.23"]
[PlyCount "76"]

1.e4 e6 2.d4 d5 3.Nc3 Bb4 4.e5 c5 5.a3 Bxc3+ 6.bxc3 Qc7 7.Nf3 Ne7 8.Bd3 
Bd7 9.O-O c4 10.Be2 b5 11.Qd2 h6 12.Qf4 Nbc6 13.h3 f5 14.exf6 Qxf4 15.Bxf4
gxf6 16.Rfe1 Kf7 17.Nh2 h5 18.Bf3 Ng6 19.Bd2 Nh4 20.Bd1 Rag8 21.g3 e5 22.
Nf3 Nxf3+ 23.Bxf3 e4 24.Bg2 h4 25.Kh2 hxg3+ 26.fxg3 Rh7 27.Rf1 Bxh3 28.
Bxh3 Rgh8 29.Kg2 Rxh3 30.Kf2 Rh2+ 31.Ke1 Rg2 32.Bg5 f5 33.Kd1 Rxg3 34.Bd2 
Rf3 35.Re1 f4 36.a4 b4 37.cxb4 c3 38.Bc1 Nxd4 0-1

[Event "zonal 3.3 (w)"]
[Site "Ho Chi Minh City VIE"]
[Date "2009.07.28"]
[Round "8"]
[White "Le Kieu Thien Kim"]
[Black "Nguyen Thi Thanh An"]
[Result "0-1"]
[WhiteElo "2250"]
[BlackElo "2330"]
[EventDate "2009.07.23"]
[PlyCount "58"]

1.e4 c5 2.Nf3 Nc6 3.d4 cxd4 4.Nxd4 Nf6 5.Nc3 d6 6.Be2 e5 7.Nb3 Be7 8.O-O 
O-O 9.Be3 a5 10.a4 Be6 11.f3 Nb4 12.Kh1 Rc8 13.f4 Qc7 14.f5 Bd7 15.Bf3 d5 
16.exd5 Bxf5 17.Rc1 Rfd8 18.Nb5 Qb8 19.d6 Bxc2 20.Rxc2 Rxc2 21.Bb6 Rxd6 
22.Nxd6 Qxd6 23.Bxa5 Qxd1 24.Rxd1 e4 25.Nd4 Rxb2 26.Nf5 Nd3 27.Nxe7+ Kf8 
28.Kg1 Kxe7 29.Bxe4 Nxe4 0-1

[Event "zonal 3.3 (w)"]
[Site "Ho Chi Minh City VIE"]
[Date "2009.07.28"]
[Round "8"]
[White "Pham Le Thao Nguyen"]
[Black "Batkhuyag, Munguntuul"]
[Result "0-1"]
[WhiteElo "2314"]
[BlackElo "2412"]
[EventDate "2009.07.23"]
[PlyCount "114"]

1.d4 d5 2.Nf3 c5 3.e3 Nf6 4.dxc5 e6 5.a3 Bxc5 6.b4 Bd6 7.Bb2 O-O 8.c4 dxc4
9.Bxc4 a6 10.O-O b5 11.Bd3 Bb7 12.Qe2 Nbd7 13.Nbd2 Rc8 14.Rac1 Qe7 15.h3 
h6 16.Rfd1 Rfd8 17.Bb1 e5 18.e4 Nb6 19.Nh4 Qe6 20.Qe3 Na4 21.Ba1 Rxc1 22.
Rxc1 a5 23.Qa7 Rc8 24.Re1 Bc6 25.Nf5 axb4 26.Nxd6 Qxd6 27.Nf3 Nd7 28.axb4 
Qxb4 29.Qe3 Nb2 30.Ba2 Ra8 31.Qc1 Rxa2 32.Qxc6 Nd3 33.Rf1 Ra7 34.Qc8+ Qf8 
35.Qc2 Qa3 36.Rd1 b4 37.Kh2 N7c5 38.Bxe5 b3 39.Qb1 b2 40.Bd4 Qa2 41.Bxc5 
Nxc5 42.Qc2 Ra8 43.Rb1 Rb8 44.Nd2 Qa3 45.e5 Na4 46.Ne4 Qb3 47.Qd2 Qb5 48.
f4 Qc4 49.Ng3 Qb4 50.Qd7 Nc3 51.e6 fxe6 52.Nh5 Qf8 53.Qxe6+ Kh7 54.f5 Nxb1
55.Qg6+ Kh8 56.f6 gxf6 57.Qxb1 Qd6+ 0-1

[Event "zonal 3.3 (w)"]
[Site "Ho Chi Minh City VIE"]
[Date "2009.07.28"]
[Round "8"]
[White "Hoang Thi Bao Tram"]
[Black "Nguyen Thi Tuong Van"]
[Result "1-0"]
[WhiteElo "2274"]
[BlackElo "2246"]
[EventDate "2009.07.23"]
[PlyCount "65"]

1.d4 d5 2.c4 c6 3.Nc3 Nf6 4.Nf3 e6 5.cxd5 exd5 6.Bg5 Bd6 7.e3 O-O 8.Qb3 
Re8 9.Bd3 a5 10.O-O Na6 11.Rae1 b6 12.e4 Nb4 13.Bb1 dxe4 14.Nxe4 Be6 15.
Bxf6 gxf6 16.Nxd6 Qxd6 17.Qe3 Bxa2 18.Qxe8+ Rxe8 19.Rxe8+ Kg7 20.Bxa2 Nxa2
21.Rfe1 Nb4 22.Nh4 Qd7 23.R1e3 f5 24.R3e7 Qd5 25.Re5 Qa2 26.Nxf5+ Kf6 27.
g4 Nd3 28.h4 h6 29.Rd8 Nxe5 30.Rd6+ Qe6 31.Rxe6+ Kxe6 32.dxe5 Kxe5 33.Nxh6
1-0

[Event "zonal 3.3 (w)"]
[Site "Ho Chi Minh City VIE"]
[Date "2009.07.28"]
[Round "8"]
[White "Cua, Sherily"]
[Black "Le Thi Phuong Lien"]
[Result "1-0"]
[WhiteElo "2174"]
[BlackElo "2216"]
[EventDate "2009.07.23"]
[PlyCount "99"]

1.d4 f5 2.c4 Nf6 3.Nf3 g6 4.Nc3 Bg7 5.g3 d6 6.Bg2 O-O 7.O-O Qe8 8.d5 a5 9.
Nd4 Na6 10.e3 Bd7 11.Qe2 Kh8 12.Rd1 c6 13.b3 c5 14.Ndb5 g5 15.Bb2 f4 16.
exf4 gxf4 17.Re1 fxg3 18.fxg3 Ng4 19.Ne4 Qg6 20.Na3 Qh6 21.Bxg7+ Kxg7 22.
h3 Ne5 23.Qe3 Qg6 24.Nc2 Nb4 25.Qc3 Nxc2 26.Qxc2 Nf3+ 27.Bxf3 Rxf3 28.Qg2 
Raf8 29.g4 Kg8 30.Re2 Qh6 31.Kh2 Qh4 32.Rc1 R8f4 33.Rc3 Rxc3 34.Nxc3 Rxg4 
35.Qf3 Rg6 36.Rg2 Qf6 37.Qxf6 exf6 38.Ne4 Kg7 39.Nxd6 Rxg2+ 40.Kxg2 b6 41.
Kg3 f5 42.Kf4 Kf6 43.h4 a4 44.bxa4 Bxa4 45.Nxf5 b5 46.cxb5 Bxb5 47.Nd6 Ba4
48.Ne4+ Ke7 49.Nxc5 Be8 50.Ke5 1-0

[Event "zonal 3.3 (w)"]
[Site "Ho Chi Minh City VIE"]
[Date "2009.07.28"]
[Round "8"]
[White "Nguyen Thi Mai Hung"]
[Black "Perena, Catherine"]
[Result "1-0"]
[WhiteElo "2219"]
[BlackElo "2092"]
[EventDate "2009.07.23"]
[PlyCount "121"]

1.d4 d5 2.c4 c6 3.Nf3 Nf6 4.e3 Bf5 5.Qb3 Qb6 6.Nc3 e6 7.Qxb6 axb6 8.Nh4 
Bg6 9.Nxg6 hxg6 10.Bd3 Bd6 11.h3 dxc4 12.Bxc4 b5 13.Bd3 e5 14.dxe5 Bxe5 
15.Bd2 Na6 16.f4 Bc7 17.Rc1 O-O-O 18.Bb1 Rhe8 19.Rf1 Nc5 20.Ke2 b4 21.Nd1 
Nce4 22.Be1 c5 23.g4 b6 24.g5 Nd5 25.Kf3 Nd6 26.h4 Nf5 27.Bf2 Nde7 28.Bc2 
Rh8 29.Kg4 Rd2 30.Bb3 f6 31.Re1 Nd6 32.Bc2 Ndf5 33.Bb3 Rhd8 34.Kf3 Kb7 35.
Rh1 Ra8 36.Be1 Rd7 37.Nf2 Rh8 38.gxf6 Nxh4+ 39.Rxh4 Rxh4 40.fxe7 Rxe7 41.
Bd5+ Kb8 42.Ng4 Rh5 43.Bc4 Kb7 44.Bd3 Re6 45.a3 bxa3 46.bxa3 Rh8 47.Bc3 
Rd8 48.Bb5 Re7 49.Rg1 Rh8 50.Ne5 Rh3+ 51.Ke4 Rh2 52.Rxg6 Ra2 53.a4 Ra3 54.
Be1 Bxe5 55.fxe5 Rxe5+ 56.Kxe5 Rxe3+ 57.Kd6 Rxe1 58.Rxg7+ Kb8 59.Rg8+ Ka7 
60.Bc6 b5 61.a5 1-0

[Event "zonal 3.3 (w)"]
[Site "Ho Chi Minh City VIE"]
[Date "2009.07.28"]
[Round "8"]
[White "Lkhamsuren, Uuganbayar"]
[Black "Nguyen Quynh Anh"]
[Result "0-1"]
[WhiteElo "2144"]
[BlackElo "2102"]
[EventDate "2009.07.23"]
[PlyCount "68"]

1.e4 c5 2.Nf3 d6 3.d4 cxd4 4.Nxd4 Nf6 5.Nc3 e6 6.Bg5 h6 7.Bh4 a6 8.f4 Nbd7
9.Qf3 Qc7 10.Bd3 b5 11.a4 b4 12.Na2 Bb7 13.O-O d5 14.exd5 Bxd5 15.Qe2 Bc5 
16.Bf2 O-O 17.Nc1 e5 18.fxe5 Nxe5 19.h3 Rfe8 20.Qd1 Qb7 21.Nf5 Bf8 22.Ne3 
Bc6 23.Nb3 Nxd3 24.cxd3 Nd5 25.Na5 Nxe3 26.Bxe3 Qd7 27.Qd2 Bxg2 28.Qxg2 
Qxd3 29.Bxh6 Re2 30.Qg4 Rae8 31.Rad1 Qh7 32.Bg5 Qc2 33.Rd7 Bc5+ 34.Kh1 
Rh2# 0-1

[Event "zonal 3.3 (w)"]
[Site "Ho Chi Minh City VIE"]
[Date "2009.07.28"]
[Round "8"]
[White "Rivera, Daisy"]
[Black "Hoang Thi Nhu Y"]
[Result "1/2-1/2"]
[WhiteElo "2087"]
[BlackElo "2119"]
[EventDate "2009.07.23"]
[PlyCount "48"]

1.e4 c6 2.d4 d5 3.e5 g6 4.c4 dxc4 5.Bxc4 Bg7 6.Nc3 Nh6 7.Nge2 O-O 8.Bg5 
Kh8 9.Qd2 Ng8 10.Be3 Nd7 11.O-O Nb6 12.Bb3 Nd5 13.Nxd5 cxd5 14.Rac1 e6 15.
Rc2 Bd7 16.Rfc1 a5 17.a4 Qb6 18.Rc3 Rfc8 19.Rxc8 Rxc8 20.Rxc8 Bxc8 21.Qc3 
Bd7 22.Bd1 Bf8 23.b3 Bb4 24.Qc2 Ne7 1/2-1/2